Catálogo

Defendiendo el derecho humano a la vida en Latinoamérica / (Registro nro. 66151)

Detalles MARC
000 -LEADER
fixed length control field 01315cam a2200337 i 4500
001 - CONTROL NUMBER
control field 66151
003 - CONTROL NUMBER IDENTIFIER
control field Mx-PuUPA
005 - DATE AND TIME OF LATEST TRANSACTION
control field 20251119131402.0
008 - FIXED-LENGTH DATA ELEMENTS--GENERAL INFORMATION
fixed length control field 160913s2012 mx a gr 000 0 spa d
020 ## - INTERNATIONAL STANDARD BOOK NUMBER
International Standard Book Number 9786079549824
040 ## - CATALOGING SOURCE
Original cataloging agency Mx-PuUPA
Language of cataloging spa
Transcribing agency Mx-PuUPA
Modifying agency Mx-PuUPA
Description conventions rda
041 0# - LANGUAGE CODE
Language code of text/sound track or separate title spa
245 00 - TITLE STATEMENT
Title Defendiendo el derecho humano a la vida en Latinoamérica /
Statement of responsibility, etc. editores, Laura Farfén Bertrán, William L. Saunders , Jeanneane Maxon ; traductora, Noelia Estefanía Marchetti
250 ## - EDITION STATEMENT
Edition statement Primera edición
264 #1 - PRODUCTION, PUBLICATION, DISTRIBUTION, MANUFACTURE, AND COPYRIGHT NOTICE
Place of production, publication, distribution, manufacture Washington, DC :
Name of producer, publisher, distributor, manufacturer Americans United for Life,
Date of production, publication, distribution, manufacture, or copyright notice 2012
300 ## - PHYSICAL DESCRIPTION
Extent 224 páginas :
Other physical details fptpgrafías ;
Dimensions 22 cm.
336 ## - CONTENT TYPE
Content type term texto
Fuente rdacontent
Content type code txt
337 ## - MEDIA TYPE
Media type term sin medio
Source rdamedia
Media type code n
338 ## - CARRIER TYPE
Carrier type term volumen
Source rdacarrier
Carrier type code nc
650 #7 - SUBJECT ADDED ENTRY--TOPICAL TERM
Topical term or geographic name entry element Aborto legal
Geographic subdivision América Latina
Source of heading or term armarc
650 #7 - SUBJECT ADDED ENTRY--TOPICAL TERM
Topical term or geographic name entry element Vida
Geographic subdivision América Latina
Source of heading or term armarc
650 #7 - SUBJECT ADDED ENTRY--TOPICAL TERM
Topical term or geographic name entry element Niños por nacer (Derecho)
Geographic subdivision América Latina
Source of heading or term armarc
700 1# - ADDED ENTRY--PERSONAL NAME
Personal name Farfán, Bertrán, M. Laura,
Relator term editor
9 (RLIN) 3212
700 1# - ADDED ENTRY--PERSONAL NAME
Personal name Saunders, William L.,
Relator term editor
700 1# - ADDED ENTRY--PERSONAL NAME
Personal name Maxon, Jeanneane,
Relator term editor
700 1# - ADDED ENTRY--PERSONAL NAME
Personal name Marchetti, Noelia Estefanía,
Relator term traductor
942 ## - ADDED ENTRY ELEMENTS (KOHA)
Source of classification or shelving scheme Dewey Decimal Classification
Koha item type Libro
Classification part 323.098
Item part D33
Existencias
Withdrawn status Lost status Source of classification or shelving scheme Damaged status Not for loan Collection code Home library Current library Shelving location Date acquired Source of acquisition Total Checkouts Full call number Barcode Date last seen Price effective from Koha item type
    Dewey Decimal Classification     General Biblioteca Karol Wojtyla Biblioteca Karol Wojtyla Sala general 01/02/2017 Compra   323.098 D33 2012 96862 19/01/2026 01/02/2017 Libro